Rating based modeling of credit risk (Record no. 477406)

MARC details
000 -LEADER
fixed length control field 00952nam a2200277Ia 4500
003 - CONTROL NUMBER IDENTIFIER
control field OSt
005 - DATE AND TIME OF LATEST TRANSACTION
control field 20220925165518.0
008 - FIXED-LENGTH DATA ELEMENTS--GENERAL INFORMATION
fixed length control field 220923b |||||||| |||| 00| 0 eng d
020 ## - INTERNATIONAL STANDARD BOOK NUMBER
International Standard Book Number 9780123736833
037 ## - SOURCE OF ACQUISITION
Terms of availability General Book
040 ## - CATALOGING SOURCE
Original cataloging agency RTL
Transcribing agency RTL
Language of cataloging eng
041 ## - LANGUAGE CODE
Source of code eng
Language code of text/sound track or separate title eng
100 ## - MAIN ENTRY--PERSONAL NAME
Personal name Trueck Stefan
9 (RLIN) 233638
245 #0 - TITLE STATEMENT
Title Rating based modeling of credit risk
Remainder of title Theory and application of migration matrices.
260 ## - PUBLICATION, DISTRIBUTION, ETC.
Place of publication, distribution, etc. Amsterdam
Name of publisher, distributor, etc. Elsevier
Date of publication, distribution, etc. 2009
300 ## - PHYSICAL DESCRIPTION
Extent xii, 266p
Dimensions cm.
490 ## - SERIES STATEMENT
Series statement Academic Press Advanced Finance Series
500 ## - GENERAL NOTE
General note Bibliography: P 249-58
650 ## - SUBJECT ADDED ENTRY--TOPICAL TERM
Topical term or geographic name entry element Commerce
700 ## - ADDED ENTRY--PERSONAL NAME
Personal name Rachev Svetlozar T
9 (RLIN) 233639
942 ## - ADDED ENTRY ELEMENTS (KOHA)
Classification part X64:891:(B), P9
Koha item type General Books
Source of classification or shelving scheme Colon Classification (CC)
Holdings
Withdrawn status Lost status Damaged status Not for loan Home library Current library Date acquired Source of acquisition Cost, normal purchase price Total Checkouts Full call number Barcode Date last seen Cost, replacement price Price effective from Koha item type
        Ratan Tata Library Ratan Tata Library 2022-09-25 2035, 23/09/2009, J.S. BOOK DISTRIBUTOR 3276.23   X64:891:(B) P9 RT1474014 2022-09-25 3276.23 2022-09-25 General Books
Copyright @ Delhi University Library System